Choose the countries with less than 10 million people - Sudden Death - Statistics

General Stats
  • This quiz has been taken 17 times
  • The average score is 4 of 11
Answers on the Grid
Answers color-coded by a green-red scale on the quiz's grid according to % correct below.
Switserland
Austria
Serbia
Chezia
Netherlands
Bulgaria
Greece
Sweden
Norway
Denmark
Hungary
New Zealand
Azerbaijan
Singapore
Haiti
Rwanda
Finland
Burundi
Djibouti
Botswana
 
Answer Stats
Answer % Correct
Djibouti
62%
New Zealand
54%
Norway
54%
Serbia
46%
Finland
38%
Singapore
38%
Denmark
31%
Switserland
31%
Austria
23%
Botswana
23%
Bulgaria
15%
No matching quizzes found
Score Distribution
Percent of People with Each Score
Percentile by Number Answered
Your Score History
You have not taken this quiz